Hồ Chủ Tịch, Tinh hoa của dân tộc, lương tâm của thời đại /
Saved in:
| Main Author: | |
|---|---|
| Other Authors: | |
| Format: | Book (Paper) |
| Language: | Vietnamese |
| Published: |
H :
Sự thật,
1975
|
| Tags: |
Add Tag
No Tags, Be the first to tag this record!
|
| Institutions: | Thư viện Trường Đại học Đà Lạt |
|---|
| LEADER | 00676nam a2200277 4500 | ||
|---|---|---|---|
| 001 | DLU140163040 | ||
| 005 | ##20140814 | ||
| 040 | # | # | |a DLU |b vie |
| 041 | # | # | |a vie |
| 044 | # | # | |a vn |
| 082 | # | # | |a 923.1 |b PH-D |
| 100 | # | # | |a Phạm Văn Đồng. |
| 245 | # | # | |a Hồ Chủ Tịch, Tinh hoa của dân tộc, lương tâm của thời đại / |c Phạm Văn Đồng |
| 260 | # | # | |a H : |b Sự thật, |c 1975 |
| 300 | # | # | |a 127 tr. ; |c 19 cm. |
| 700 | # | # | |a , |e dịch. |
| 923 | # | # | |a TL |
| 991 | # | # | |a SH |
| 994 | # | # | |a DLU |
| 900 | # | # | |a True |
| 911 | # | # | |a Nguyễn Thị Tưởng |
| 925 | # | # | |a G |
| 926 | # | # | |a A |
| 927 | # | # | |a SH |
| 980 | # | # | |a Thư viện Trường Đại học Đà Lạt |